[Event "Staufer Seniors op 13th"]
[Site "Schwaebisch Gmuend"]
[Date "2008.01.02"]
[Round "2"]
[White "Villing, Dieter"]
[Black "Gallmeister, Wilfried"]
[Result "1/2-1/2"]
[WhiteElo "2178"]
[BlackElo "1948"]
[PlyCount "99"]
[EventDate "2008.01.02"]
[EventType "swiss"]
[EventRounds "9"]
[EventCountry "GER"]
[SourceTitle "CBM 122 Extra"]
[Source "ChessBase"]
[SourceDate "2008.03.04"]
[SourceVersion "1"]
[SourceVersionDate "2008.03.04"]
[SourceQuality "1"]

1. e4 e5 2. Bc4 Bc5 3. Nf3 Nc6 4. c3 d6 5. d4 Bb6 6. dxe5 Qe7 7. exd6 Qxe4+ 8. Be2 cxd6 9. Qxd6 Nf6 10. Nbd2 Qe6 11. Nc4 Bxf2+ 12. Kxf2 Ne4+ 13. Ke1 Nxd6 14. Ng5 Qe7 15. Nxd6+ Qxd6 16. Rf1 Be6 17. Bf4 Qe7 18. Rd1 Bc4 19. Rf2 Rd8 20. Rxd8+ Nxd8 21. b3 Bd5 22. c4 Bc6 23. Kf1 g6 24. Nf3 f6 25. Nd4 Be4 26. Nb5 Nf7 27. Nc7+ Kf8 28. c5 g5 29. Bg3 h5 30. Bc4 h4 31. Ne6+ Qxe6 32. Bxe6 hxg3 33. hxg3 Kg7 34. Rd2 Rd8 35. Rxd8 Nxd8 36. Bc4 b6 37. cxb6 axb6 38. Kf2 f5 39. Bf1 Kf6 40. Ke3 Ke5 41. b4 f4+ 42. gxf4+ gxf4+ 43. Kf2 Nc6 44. a3 Nd4 45. a4 Nc2 46. a5 bxa5 47. bxa5 Ne3 48. Be2 Bxg2 49. a6 Bc6 50. a7 1/2-1/2